[Event "COL-ch pre olympic (Women)"]
[Site "El Bagre"]
[Date "2019.12.15"]
[Round "11"]
[White "Castro, Natalia Patricia"]
[Black "Castrillon Gomez, Melissa"]
[Result "0-1"]
[WhiteElo "2038"]
[BlackElo "2189"]
[PlyCount "50"]
[EventDate "2019.12.09"]
[EventType "tourn"]
[EventRounds "11"]
[EventCountry "COL"]
[SourceTitle "CBM 193 Extra"]
[Source "ChessBase"]
[SourceDate "2020.01.31"]
[SourceVersion "1"]
[SourceVersionDate "2020.01.31"]
[SourceQuality "1"]

1. d4 Nf6 2. Bg5 Ne4 3. Bf4 c5 4. Qd3 Qb6 5. b3 d5 6. f3 c4 7. Qe3 Qa5+ 8. Nd2 Nxd2 9. Qxd2 c3 10. Qd3 Nc6 11. e3 Bd7 12. Qb5 Qa3 13. Qxb7 Rc8 14. Bb5 Qb2 15. Rd1 Qxc2 16. Ne2 g5 17. Bc7 Qg6 18. Nxc3 Qe6 19. Kf2 a6 20. Bxa6 Nd8 21. Bxd8 Rxc3 22. Ba5 Qxe3+ 23. Kf1 f5 24. Qa8+ Rc8 25. Bxc8 Bb5+ 0-1

[Event "COL-ch pre olympic (Women)"]
[Site "El Bagre"]
[Date "2019.12.14"]
[Round "9"]
[White "Castro, Natalia Patricia"]
[Black "Pachon Gutierrez, Adriana Paola"]
[Result "0-1"]
[WhiteElo "2038"]
[BlackElo "1926"]
[PlyCount "84"]
[EventDate "2019.12.09"]
[EventType "tourn"]
[EventRounds "11"]
[EventCountry "COL"]
[SourceTitle "CBM 193 Extra"]
[Source "ChessBase"]
[SourceDate "2020.01.31"]
[SourceVersion "1"]
[SourceVersionDate "2020.01.31"]
[SourceQuality "1"]

1. d4 c5 2. c3 b6 3. dxc5 bxc5 4. Qd5 Nc6 5. Qxc5 e6 6. Qg5 Nf6 7. Nf3 Ba6 8. Nbd2 Qb6 9. Nb3 d5 10. Qe3 Qb5 11. Nfd4 Nxd4 12. Qxd4 Qc6 13. g3 Be7 14. Bg2 0-0 15. Bf3 Nd7 16. 0-0 Bf6 17. Qd1 Rab8 18. Re1 Rfd8 19. Be3 Nb6 20. Qc1 h6 21. Bxb6 Rxb6 22. e4 dxe4 23. Bxe4 Qc7 24. Qe3 Bc4 25. Bc2 a5 26. Reb1 Rb5 27. h4 Rdb8 28. Qe4 Bd5 29. Qd3 a4 30. Nd4 Rxb2 31. Rxb2 Rxb2 32. Qh7+ Kf8 33. Bxa4 Qxc3 34. Qh8+ Ke7 35. Qe8+ Kd6 36. Qd7+ Ke5 37. Nc6+ Kf5 38. Rd1 Rd2 39. Rxd2 Qxd2 40. g4+ Kxg4 41. f3+ Kh3 42. Kf1 Bc4+ 0-1

[Event "COL-ch pre olympic (Women)"]
[Site "El Bagre"]
[Date "2019.12.12"]
[Round "6"]
[White "Ocampo Betancur, Cristina Angela"]
[Black "Castro, Natalia Patricia"]
[Result "0-1"]
[WhiteElo "1966"]
[BlackElo "2038"]
[PlyCount "156"]
[EventDate "2019.12.09"]
[EventType "tourn"]
[EventRounds "11"]
[EventCountry "COL"]
[SourceTitle "CBM 193 Extra"]
[Source "ChessBase"]
[SourceDate "2020.01.31"]
[SourceVersion "1"]
[SourceVersionDate "2020.01.31"]
[SourceQuality "1"]

1. e4 e6 2. d4 d5 3. Nc3 dxe4 4. Nxe4 Bd7 5. Nf3 Bc6 6. Bd3 Nd7 7. 0-0 Ngf6 8. Nxf6+ Nxf6 9. Bg5 Be7 10. c3 Bxf3 11. Qxf3 Qd5 12. Qxd5 Nxd5 13. Bd2 Rd8 14. Rfe1 0-0 15. Rad1 c6 16. f4 Bd6 17. f5 exf5 18. Bxf5 Rfe8 19. g3 c5 20. Be4 Nf6 21. Bf3 cxd4 22. cxd4 Rxe1+ 23. Rxe1 Kf8 24. b3 b6 25. Rc1 Ba3 26. Rc4 b5 27. Rc7 Rxd4 28. Be3 Rd3 29. Kf2 a5 30. Ke2 Rd8 31. Rb7 Nd5 32. Bf2 Nc3+ 33. Kf1 Bb4 34. Be1 Rd3 35. Be2 Nxe2 36. Bxb4+ axb4 37. Kxe2 Rd5 38. Ke3 g6 39. h4 h5 40. Ke4 Rf5 41. Rd7 Rf2 42. Rd5 Rxa2 43. Rxb5 Re2+ 44. Kf4 Rf2+ 45. Ke3 Rg2 46. Kf3 Rg1 47. Rxb4 Rf1+ 48. Kg2 Rb1 49. Rb7 Kg7 50. b4 Rb3 51. b5 Kf6 52. b6 Kg7 53. Rb8 Kf6 54. Rb7 Kg7 55. Kf2 Kf6 56. Kg2 Ke6 57. Kf2 Kf6 58. Kg2 Ke6 59. Kf2 Kf6 60. Rb8 Kf5 61. Rf8 f6 62. Rb8 Kg4 63. Rg8 g5 64. hxg5 fxg5 65. Rg6 Rb5 66. Kg2 Rb2+ 67. Kg1 Rb1+ 68. Kf2 Rb2+ 69. Kg1 Rb3 70. Kf2 Rf3+ 71. Ke2 Rxg3 72. b7 Rb3 73. Rg7 h4 74. Kf2 h3 75. Rh7 Rb2+ 76. Ke3 Kg3 77. Kd4 h2 78. Kc3 Rxb7 0-1

[Event "COL-ch pre olympic (Women)"]
[Site "El Bagre"]
[Date "2019.12.11"]
[Round "5"]
[White "Castro, Natalia Patricia"]
[Black "Munoz Monroy, Cinthya Carolina"]
[Result "0-1"]
[WhiteElo "2038"]
[BlackElo "2005"]
[PlyCount "96"]
[EventDate "2019.12.09"]
[EventType "tourn"]
[EventRounds "11"]
[EventCountry "COL"]
[SourceTitle "CBM 193 Extra"]
[Source "ChessBase"]
[SourceDate "2020.01.31"]
[SourceVersion "1"]
[SourceVersionDate "2020.01.31"]
[SourceQuality "1"]

1. e4 d5 2. exd5 Nf6 3. d4 Bg4 4. Nf3 Qxd5 5. Be2 Nc6 6. 0-0 0-0-0 7. c4 Qh5 8. Be3 e5 9. h3 e4 10. hxg4 Nxg4 11. Nh4 f5 12. Bxg4 fxg4 13. g3 g5 14. Ng2 Rd6 15. Nd2 Rh6 16. Nh4 gxh4 17. Bxh6 hxg3 18. fxg3 Bxh6 19. Re1 Nxd4 20. Rxe4 Bxd2 21. Qxg4+ Qxg4 22. Rxg4 h5 23. Re4 Rg8 24. Kh2 Nf5 25. Rg1 Bb4 26. g4 Bd6+ 27. Kh3 hxg4+ 28. Rgxg4 Rh8+ 29. Kg2 Rh2+ 30. Kf3 c5 31. Rg8+ Kd7 32. Ra8 a6 33. Kg4 Nd4 34. b4 Rg2+ 35. Kh5 Ne2 36. Ree8 cxb4 37. Rad8+ Kc7 38. c5 Nf4+ 39. Kh6 Bxc5 40. Rc8+ Kb6 41. Re4 Nd5 42. Rc4 Be3+ 43. Kh7 a5 44. Rc2 Rg4 45. Rb8 Nf6+ 46. Kh8 Kb5 47. Rf8 Bh6 48. Rb8 Bg7# 0-1

[Event "COL-ch pre olympic (Women)"]
[Site "El Bagre"]
[Date "2019.12.09"]
[Round "1"]
[White "Orozco, Lina Yomayra"]
[Black "Castro, Natalia Patricia"]
[Result "1-0"]
[WhiteElo "2060"]
[BlackElo "2038"]
[PlyCount "43"]
[EventDate "2019.12.09"]
[EventType "tourn"]
[EventRounds "11"]
[EventCountry "COL"]
[SourceTitle "CBM 193 Extra"]
[Source "ChessBase"]
[SourceDate "2020.01.31"]
[SourceVersion "1"]
[SourceVersionDate "2020.01.31"]
[SourceQuality "1"]

1. e4 d5 2. exd5 Qxd5 3. Nc3 Qd6 4. d4 Nf6 5. Nf3 Bg4 6. h3 Bh5 7. g4 Bg6 8. Ne5 Nd5 9. Nb5 Qd8 10. c4 Nb6 11. Bf4 Na6 12. Qe2 c6 13. Nxg6 cxb5 14. Nxh8 Qxd4 15. Be3 Qxc4 16. Bxb6 Qb4+ 17. Kd1 Qd6+ 18. Qd3 Qc6 19. Rc1 Nb4 20. Qxb5 Qxb5 21. Bxb5+ Nc6 22. Rxc6 1-0

[Event "COL-chT 21st"]
[Site "Cartagena"]
[Date "2019.11.30"]
[Round "8.2"]
[White "Castro, Natalia Patricia"]
[Black "Herrera, Milena"]
[Result "1/2-1/2"]
[WhiteElo "1946"]
[BlackElo "2085"]
[PlyCount "32"]
[EventDate "2019.11.30"]
[EventType "team-swiss"]
[EventRounds "9"]
[EventCountry "COL"]
[SourceTitle "CBM 195 Extra"]
[Source "ChessBase"]
[SourceDate "2020.05.31"]
[SourceVersion "1"]
[SourceVersionDate "2020.05.31"]
[SourceQuality "1"]
[WhiteTeam "Atlantico"]
[BlackTeam "Antioquia"]
[WhiteTeamCountry "COL"]
[BlackTeamCountry "COL"]

1. d4 Nf6 2. c4 c5 3. Nf3 e6 4. Bg5 Be7 5. e3 b6 6. Nc3 0-0 7. Be2 Bb7 8. 0-0 cxd4 9. exd4 d5 10. b3 Nc6 11. Rc1 Rc8 12. Ne5 h6 13. Bh4 a6 14. h3 Nh7 15. Bxe7 Nxe7 16. Bf3 Ng5 1/2-1/2

[Event "COL-chT (Women)"]
[Site "Cartagena"]
[Date "2019.11.26"]
[Round "4.1"]
[White "Castro, Natalia Patricia"]
[Black "Castrillon Gomez, Melissa"]
[Result "1/2-1/2"]
[WhiteElo "2038"]
[BlackElo "2189"]
[PlyCount "97"]
[EventDate "2019.11.24"]
[EventType "team-swiss"]
[EventRounds "7"]
[EventCountry "COL"]
[SourceTitle "CBM 193 Extra"]
[Source "ChessBase"]
[SourceDate "2020.01.31"]
[SourceVersion "1"]
[SourceVersionDate "2020.01.31"]
[SourceQuality "1"]
[WhiteTeam "Atlantico (W)"]
[BlackTeam "Antioquia (W)"]
[WhiteTeamCountry "COL"]
[BlackTeamCountry "COL"]

1. Nf3 g6 2. g3 Bg7 3. Bg2 e5 4. d3 Nc6 5. c4 d6 6. Nc3 f5 7. Bg5 Nce7 8. Qc2 h6 9. Bd2 a5 10. h4 Be6 11. Rc1 Nc6 12. Nb5 Nge7 13. Be3 d5 14. cxd5 Nxd5 15. Bc5 Ndb4 16. Qa4 Kf7 17. a3 Nd5 18. Qc2 Qd7 19. Nd2 Ncb4 20. axb4 Qxb5 21. bxa5 Qxa5 22. Ba3 c6 23. 0-0 Rhd8 24. Nb3 Qa4 25. Nc5 Qxc2 26. Rxc2 Bc8 27. Rfc1 Bf8 28. e3 b6 29. Nb3 Bxa3 30. bxa3 Bb7 31. Nd2 b5 32. Rc5 Ke6 33. Nb1 Ne7 34. Bf1 Rd5 35. R5c3 Rad8 36. Be2 R5d6 37. Rc5 Nd5 38. Bf1 Nb6 39. f4 exf4 40. exf4 Rd5 41. R5c2 Rd4 42. Re1+ Kd6 43. Rce2 Bc8 44. Re7 Bd7 45. Rg7 Be8 46. Rg8 Kd7 47. Rg7+ Kd6 48. Rg8 Kd7 49. Rg7+ 1/2-1/2

[Event "COL-chT (Women)"]
[Site "Cartagena"]
[Date "2019.11.25"]
[Round "3.1"]
[White "Cardona Martinez, Lina Sofia"]
[Black "Castro, Natalia Patricia"]
[Result "0-1"]
[WhiteElo "1884"]
[BlackElo "2038"]
[PlyCount "104"]
[EventDate "2019.11.24"]
[EventType "team-swiss"]
[EventRounds "7"]
[EventCountry "COL"]
[SourceTitle "CBM 193 Extra"]
[Source "ChessBase"]
[SourceDate "2020.01.31"]
[SourceVersion "1"]
[SourceVersionDate "2020.01.31"]
[SourceQuality "1"]
[WhiteTeam "Cauca (W)"]
[BlackTeam "Atlantico (W)"]
[WhiteTeamCountry "COL"]
[BlackTeamCountry "COL"]

1. e4 e6 2. d4 d5 3. Bd3 dxe4 4. Bxe4 Nf6 5. Bf3 c5 6. Ne2 Qc7 7. Nbc3 Bd7 8. 0-0 Bd6 9. h3 Bc6 10. Bxc6+ Qxc6 11. dxc5 Bxc5 12. Nd4 Bxd4 13. Qxd4 0-0 14. Bg5 Nbd7 15. Rad1 a6 16. Qd6 Rac8 17. Rd2 h6 18. Bf4 Nb6 19. Rd4 Nc4 20. Qxc6 Rxc6 21. Bc1 b5 22. b3 Nd6 23. Bb2 Rfc8 24. Rfd1 Nfe8 25. a4 e5 26. Rd5 b4 27. Nb1 f6 28. c3 bxc3 29. Bxc3 Ne4 30. Be1 Nc5 31. Bb4 Nxb3 32. Rd8 Nd4 33. Rxc8 Rxc8 34. Kf1 Rc4 35. Bc3 Rxa4 36. f4 Nf5 37. Rd8 Rxf4+ 38. Ke2 Kf7 39. Nd2 Ng3+ 40. Ke3 Nf5+ 41. Ke2 Ned6 42. g4 Ng3+ 43. Ke3 Nc4+ 44. Nxc4 Rxc4 45. Be1 Ne4 46. Ra8 Nc5 47. Ra7+ Kg6 48. Rc7 Re4+ 49. Kd2 Ne6 50. Ra7 Ng5 51. Kd1 Nxh3 52. Rxa6 Rxg4 0-1

[Event "COL pre olympic sf3"]
[Site "Cartagena"]
[Date "2019.08.15"]
[Round "2"]
[White "Castro, Natalia Patricia"]
[Black "Gonzalez Parejo, Ramon Junior"]
[Result "0-1"]
[WhiteElo "2064"]
[BlackElo "2221"]
[PlyCount "58"]
[EventDate "2019.08.14"]
[EventType "swiss"]
[EventRounds "10"]
[EventCountry "COL"]
[SourceTitle "EXT 2020"]
[Source "ChessBase"]
[SourceDate "2019.10.17"]
[SourceVersion "1"]
[SourceVersionDate "2019.10.17"]
[SourceQuality "1"]

1. d4 Nf6 2. c4 e6 3. Nf3 Bb4+ 4. Bd2 Be7 5. Nc3 d5 6. Qc2 Nbd7 7. e3 0-0 8. Bd3 dxc4 9. Bxc4 c5 10. 0-0 a6 11. a4 cxd4 12. Nxd4 Qc7 13. Be2 b6 14. Rac1 Bd6 15. h3 Bb7 16. Qd1 Qb8 17. Re1 Rd8 18. Qc2 Rc8 19. Qb1 Bh2+ 20. Kh1 Be5 21. Nf3 Bd6 22. b4 Ne5 23. Nxe5 Bxe5 24. Red1 Bxc3 25. Bxc3 Rxc3 26. Rxc3 Ne4 27. Rdc1 Nxf2+ 28. Kg1 Nxh3+ 29. Kf1 Qg3 0-1

[Event "COL-chT Interligas (Women)"]
[Site "Palmira"]
[Date "2019.04.29"]
[Round "6.1"]
[White "Castro, Natalia Patricia"]
[Black "Ramirez, Heimy Polgar"]
[Result "1/2-1/2"]
[WhiteElo "2041"]
[BlackElo "2150"]
[PlyCount "60"]
[EventDate "2019.04.27"]
[EventType "team-swiss"]
[EventRounds "6"]
[EventCountry "COL"]
[SourceTitle "CBM 190 Extra"]
[Source "ChessBase"]
[SourceDate "2019.07.15"]
[SourceVersion "1"]
[SourceVersionDate "2019.07.15"]
[SourceQuality "1"]
[WhiteTeam "Atlantico (W)"]
[BlackTeam "Cundinamarca (W)"]
[WhiteTeamCountry "COL"]
[BlackTeamCountry "COL"]

1. d4 Nf6 2. Nf3 e6 3. c4 b6 4. g3 Bb7 5. Bg2 Bb4+ 6. Bd2 Be7 7. 0-0 0-0 8. Nc3 d5 9. cxd5 Nxd5 10. Rc1 c5 11. Nxd5 Bxd5 12. dxc5 Bxc5 13. b4 Be7 14. Qc2 Na6 15. a3 Rc8 16. Qxc8 Qxc8 17. Rxc8 Rxc8 18. Rc1 Rd8 19. Bc3 Nb8 20. Bb2 a5 21. bxa5 bxa5 22. Ne5 Bxg2 23. Kxg2 f6 24. Nd3 Kf7 25. Rc7 Rd7 26. Rxd7 Nxd7 27. a4 Nb6 28. Bc3 Nxa4 29. Bxa5 Nc5 30. Nxc5 Bxc5 1/2-1/2

[Event "COL-ch sf1"]
[Site "Medellin"]
[Date "2019.04.18"]
[Round "4"]
[White "Castro, Natalia Patricia"]
[Black "Rivera, Ingris"]
[Result "0-1"]
[WhiteElo "2041"]
[BlackElo "2197"]
[PlyCount "114"]
[EventDate "2019.04.16"]
[EventType "swiss"]
[EventRounds "10"]
[EventCountry "COL"]
[SourceTitle "CBM 190 Extra"]
[Source "ChessBase"]
[SourceDate "2019.07.15"]
[SourceVersion "1"]
[SourceVersionDate "2019.07.15"]
[SourceQuality "1"]

1. e4 c5 2. Nf3 d6 3. d4 cxd4 4. Nxd4 Nf6 5. Nc3 a6 6. g3 e5 7. Nb3 Be6 8. Bg2 Be7 9. h3 Qd7 10. Be3 b5 11. Qd2 0-0 12. g4 Rc8 13. g5 Ne8 14. Nd5 Bd8 15. c3 Nc6 16. Rd1 a5 17. Qe2 Qb7 18. 0-0 Ne7 19. f4 a4 20. Nc1 Bxd5 21. exd5 Nf5 22. Bf2 Bb6 23. Kh2 Bxf2 24. Rxf2 a3 25. fxe5 axb2 26. Qxb2 Ne3 27. Rd4 dxe5 28. Rb4 Nd6 29. Qd2 Nxg2 30. Rxg2 Rc5 31. Qe3 Rxd5 32. Nd3 e4 33. Nf4 Rf5 34. Rd4 Qe7 35. Nd5 Qe5+ 36. Kg1 Kf8 37. Qd2 e3 38. Qxe3 Nc4 39. Qxe5 Rxe5 40. h4 Rd8 41. Nf6 Rxd4 42. cxd4 Re1+ 43. Kf2 Ra1 44. Nxh7+ Kg8 45. Nf6+ gxf6 46. gxf6+ Kh8 47. Rg5 Rxa2+ 48. Kg3 b4 49. Rh5+ Kg8 50. Rg5+ Kh7 51. Rg7+ Kh6 52. Rxf7 b3 53. Rb7 b2 54. f7 Ra8 55. Kf2 Rf8 56. Ke2 Rxf7 57. Kd3 Rxb7 0-1

[Event "COL-ch sf1"]
[Site "Medellin"]
[Date "2019.04.17"]
[Round "2"]
[White "Castro, Natalia Patricia"]
[Black "Contreras, Henry"]
[Result "0-1"]
[WhiteElo "2041"]
[BlackElo "2225"]
[PlyCount "42"]
[EventDate "2019.04.16"]
[EventType "swiss"]
[EventRounds "10"]
[EventCountry "COL"]
[SourceTitle "CBM 190 Extra"]
[Source "ChessBase"]
[SourceDate "2019.07.15"]
[SourceVersion "1"]
[SourceVersionDate "2019.07.15"]
[SourceQuality "1"]

1. d4 Nf6 2. Nc3 c5 3. dxc5 Na6 4. a3 Nxc5 5. Nf3 e6 6. Bf4 a6 7. g3 d5 8. Bg2 Be7 9. 0-0 0-0 10. Be5 Bd7 11. Qd4 Rc8 12. Nd2 Bc6 13. Bxf6 Bxf6 14. Qb4 Bxc3 15. bxc3 Bb5 16. Rfe1 Na4 17. c4 dxc4 18. Bxb7 c3 19. Ne4 Rc4 20. Qd6 Rc7 21. Rad1 Rd7 0-1

[Event "COL-ch pre olympic (Women)"]
[Site "Bagre"]
[Date "2018.06.21"]
[Round "6"]
[White "Castro, Natalia Patricia"]
[Black "Lugo Lozano, Luz Adriana"]
[Result "1/2-1/2"]
[WhiteElo "2026"]
[BlackElo "1941"]
[PlyCount "26"]
[EventDate "2018.06.18"]
[EventType "tourn"]
[EventRounds "11"]
[EventCountry "COL"]
[SourceTitle "CBM 185 Extra"]
[Source "ChessBase"]
[SourceDate "2018.07.29"]
[SourceVersion "1"]
[SourceVersionDate "2018.07.29"]
[SourceQuality "1"]

1. Nf3 d5 2. g3 c6 3. Bg2 Nf6 4. b3 Nbd7 5. Bb2 e6 6. Ne5 Nxe5 7. Bxe5 Bd6 8. Bxd6 Qxd6 9. d4 e5 10. e3 0-0 11. 0-0 c5 12. c3 Re8 13. dxe5 Qxe5 1/2-1/2

[Event "COL-ch pre olympic (Women)"]
[Site "Bagre"]
[Date "2018.06.20"]
[Round "4"]
[White "Castro, Natalia Patricia"]
[Black "Franco Valencia, Angela Maria"]
[Result "0-1"]
[WhiteElo "2026"]
[BlackElo "2108"]
[PlyCount "74"]
[EventDate "2018.06.18"]
[EventType "tourn"]
[EventRounds "11"]
[EventCountry "COL"]
[SourceTitle "CBM 185 Extra"]
[Source "ChessBase"]
[SourceDate "2018.07.29"]
[SourceVersion "1"]
[SourceVersionDate "2018.07.29"]
[SourceQuality "1"]

1. d4 Nf6 2. Nf3 c5 3. dxc5 e6 4. g3 Bxc5 5. Bg2 0-0 6. 0-0 Nc6 7. c4 d5 8. cxd5 exd5 9. Bg5 d4 10. Qc2 Bb6 11. Nbd2 h6 12. Bxf6 Qxf6 13. Nb3 a5 14. Rfd1 a4 15. Nc5 Bf5 16. Qc4 Rfc8 17. Nxa4 Ba7 18. Qb5 d3 19. exd3 Bg4 20. Qd5 Nd4 21. Nxd4 Bxd4 22. Rd2 Rxa4 23. Qxb7 Ra7 24. Qe4 Bf5 25. Qe2 Rb8 26. Be4 Be6 27. a3 g6 28. Rb1 Rxa3 29. bxa3 Rxb1+ 30. Kg2 Ra1 31. Rc2 Rxa3 32. h4 Kg7 33. h5 g5 34. Qd2 Bd7 35. Qb4 Ra4 36. Qb7 Qe6 37. Rc7 Qh3+ 0-1

[Event "COL-ch pre olympic (Women)"]
[Site "Bagre"]
[Date "2018.06.19"]
[Round "3"]
[White "Toro Castaneda, Elizabeth"]
[Black "Castro, Natalia Patricia"]
[Result "1-0"]
[WhiteElo "1941"]
[BlackElo "2026"]
[PlyCount "143"]
[EventDate "2018.06.18"]
[EventType "tourn"]
[EventRounds "11"]
[EventCountry "COL"]
[SourceTitle "CBM 185 Extra"]
[Source "ChessBase"]
[SourceDate "2018.07.29"]
[SourceVersion "1"]
[SourceVersionDate "2018.07.29"]
[SourceQuality "1"]

1. e4 e6 2. d3 c5 3. Nc3 Nc6 4. g3 g6 5. Bg2 Bg7 6. Nge2 Nge7 7. 0-0 0-0 8. f4 d6 9. h3 Nd4 10. a4 Nec6 11. Nb5 a6 12. Nbxd4 Nxd4 13. c3 Nxe2+ 14. Qxe2 Rb8 15. Be3 b5 16. axb5 axb5 17. d4 b4 18. dxc5 bxc3 19. bxc3 dxc5 20. Bxc5 Bxc3 21. Rad1 Qa5 22. Bxf8 Ba6 23. Qe3 Bxf1 24. Bd6 Bxg2 25. Bxb8 Bxh3 26. Qxc3 Qxc3 27. Rd8+ Kg7 28. Be5+ Qxe5 29. fxe5 g5 30. Kf2 Bg4 31. Ke3 Bh5 32. Ra8 Bg4 33. Kd4 Bh5 34. Kc5 Bg6 35. Ra4 h6 36. Kd6 Bh7 37. Ke7 Bg6 38. Rb4 Bh7 39. Ra4 Bg6 40. g4 Bh7 41. Ra2 Bxe4 42. Rf2 Bg6 43. Rf1 h5 44. Rg1 h4 45. Rf1 h3 46. Rh1 Bd3 47. Rxh3 Be2 48. Rg3 Kg6 49. Rg1 Bf3 50. Kf8 Be2 51. Ke7 Bf3 52. Rf1 Bxg4 53. Rf6+ Kh5 54. Rxf7 Kh4 55. Rh7+ Kg3 56. Kf6 Bf5 57. Rh1 g4 58. Kg5 Kg2 59. Ra1 Kf2 60. Kf4 Ke2 61. Ra3 Kd2 62. Kg3 Ke2 63. Ra4 Kd3 64. Rf4 Be4 65. Rxg4 Kd4 66. Kf4 Bf5 67. Rg1 Kc4 68. Rd1 Bd3 69. Kg5 Be4 70. Rd6 Bf5 71. Kf6 Bh3 72. Rxe6 1-0

[Event "COL pre olympic sf3"]
[Site "Dosquebradas"]
[Date "2018.06.01"]
[Round "5"]
[White "Guzman, Pedro Juan"]
[Black "Castro, Natalia Patricia"]
[Result "0-1"]
[WhiteElo "1840"]
[BlackElo "2026"]
[PlyCount "88"]
[EventDate "2018.05.30"]
[EventType "swiss"]
[EventRounds "10"]
[EventCountry "COL"]
[SourceTitle "CBM 184 Extra"]
[Source "ChessBase"]
[SourceDate "2018.06.28"]
[SourceVersion "1"]
[SourceVersionDate "2018.06.28"]
[SourceQuality "1"]

1. e4 d5 2. exd5 Qxd5 3. Nc3 Qd6 4. Nf3 Nf6 5. Be2 Bf5 6. d4 c6 7. Ne5 e6 8. 0-0 Be7 9. Be3 0-0 10. Bd3 Bxd3 11. Qxd3 Na6 12. Ne4 Nxe4 13. Qxe4 f5 14. Qd3 Nb4 15. Qd2 Nd5 16. f4 Rad8 17. Rad1 Qc7 18. Qe2 c5 19. c3 Bd6 20. Nd3 cxd4 21. Bxd4 Nxf4 22. Nxf4 Bxf4 23. Qxe6+ Kh8 24. Bxa7 Bxh2+ 25. Kh1 Rf6 26. Bb6 Rxe6 27. Rxd8+ Qxd8 28. Bxd8 Bg3 29. Bg5 Re4 30. Bd2 f4 31. Kg1 g5 32. Rd1 Re2 33. Kf1 Rf2+ 34. Kg1 g4 35. a4 f3 36. gxf3 gxf3 37. Be1 Rg2+ 38. Kf1 f2 39. Kxg2 fxe1Q 40. Rxe1 Bxe1 41. a5 Kg7 42. Kf1 Bxc3 43. bxc3 Kf6 44. c4 Ke5 0-1

[Event "COL-ch sf 2nd"]
[Site "Tunja"]
[Date "2018.04.21"]
[Round "8"]
[White "Cuesta Cifuentes, Jair Alfonso"]
[Black "Castro, Natalia Patricia"]
[Result "0-1"]
[WhiteElo "1877"]
[BlackElo "2039"]
[PlyCount "51"]
[EventDate "2018.04.17"]
[EventType "swiss"]
[EventRounds "10"]
[EventCountry "COL"]
[SourceTitle "CBM 184 Extra"]
[Source "ChessBase"]
[SourceDate "2018.06.28"]
[SourceVersion "1"]
[SourceVersionDate "2018.06.28"]
[SourceQuality "1"]

1. Nf3 Nf6 2. g3 b6 3. Bg2 Bb7 4. 0-0 e6 5. c4 Be7 6. Qc2 0-0 7. d4 c5 8. dxc5 Bxc5 9. Nc3 Nc6 10. a3 Rc8 11. Rd1 a6 12. Bg5 Be7 13. Rac1 Na5 14. Ne5 d6 15. Bxb7 Nxb7 16. b3 Qc7 17. Nd3 h6 18. Bxf6 Bxf6 19. Ne4 Be7 20. Qb2 f5 21. Nc3 Bf6 22. Nf4 Nc5 23. e3 g5 24. Nh5 Be5 25. f4 Bxc3 26. Qxc3 0-1

[Event "COL-ch sf 2nd"]
[Site "Tunja"]
[Date "2018.04.19"]
[Round "4"]
[White "Agudelo, Pedro Luis"]
[Black "Castro, Natalia Patricia"]
[Result "0-1"]
[WhiteElo "1900"]
[BlackElo "2039"]
[PlyCount "58"]
[EventDate "2018.04.17"]
[EventType "swiss"]
[EventRounds "10"]
[EventCountry "COL"]
[SourceTitle "CBM 184 Extra"]
[Source "ChessBase"]
[SourceDate "2018.06.28"]
[SourceVersion "1"]
[SourceVersionDate "2018.06.28"]
[SourceQuality "1"]

1. e4 b6 2. d4 Bb7 3. Nc3 e6 4. Bd3 Nf6 5. Bg5 Bb4 6. Qf3 h6 7. Bxf6 Qxf6 8. Qxf6 gxf6 9. Nge2 Rg8 10. Rg1 Nc6 11. 0-0-0 0-0-0 12. a3 Bxc3 13. bxc3 Rg5 14. Nf4 Rdg8 15. g3 Ne7 16. c4 Ra5 17. Kb2 c5 18. d5 Ba6 19. g4 Ng6 20. Nh5 Ne5 21. Nxf6 Rg6 22. Ne8 Kd8 23. Nd6 exd5 24. f4 Nxd3+ 25. cxd3 Rxd6 26. e5 Rg6 27. cxd5 Ra4 28. d4 Be2 29. Rd2 Bxg4 0-1

[Event "COL-ch sf 2nd"]
[Site "Tunja"]
[Date "2018.04.18"]
[Round "3"]
[White "Castro, Natalia Patricia"]
[Black "Lopez Gonzalez, Carlos Andres"]
[Result "1-0"]
[WhiteElo "2039"]
[BlackElo "1749"]
[PlyCount "65"]
[EventDate "2018.04.17"]
[EventType "swiss"]
[EventRounds "10"]
[EventCountry "COL"]
[SourceTitle "CBM 184 Extra"]
[Source "ChessBase"]
[SourceDate "2018.06.28"]
[SourceVersion "1"]
[SourceVersionDate "2018.06.28"]
[SourceQuality "1"]

1. d4 Nf6 2. c4 e6 3. Nc3 d5 4. cxd5 exd5 5. Bg5 Be7 6. e3 c6 7. Bd3 0-0 8. Nge2 Nbd7 9. Qc2 Re8 10. 0-0 Nf8 11. Rac1 g6 12. f3 Ne6 13. Bh4 b6 14. Bf2 Bb7 15. h3 Rc8 16. e4 c5 17. Bb5 cxd4 18. Nxd4 Nxd4 19. Bxd4 dxe4 20. Bxf6 Bxf6 21. Bxe8 Qxe8 22. fxe4 Bd4+ 23. Kh1 Qe6 24. Qb3 Rc4 25. Ne2 Qxe4 26. Qf3 Qxf3 27. gxf3 Rxc1 28. Nxc1 Bxb2 29. Kg2 Bd5 30. Nd3 Ba3 31. Kf2 Bxa2 32. Ra1 Bc4 33. Rxa3 1-0

[Event "COL-ch sf"]
[Site "Medellin"]
[Date "2018.03.19"]
[Round "10"]
[White "Cardoso Cardoso, Jaidy Marcela"]
[Black "Castro, Natalia Patricia"]
[Result "0-1"]
[WhiteElo "1847"]
[BlackElo "2060"]
[PlyCount "82"]
[EventDate "2018.03.14"]
[EventType "swiss"]
[EventRounds "10"]
[EventCountry "COL"]
[SourceTitle "CBM 183 Extra"]
[Source "ChessBase"]
[SourceDate "2018.04.19"]
[SourceVersion "1"]
[SourceVersionDate "2018.04.19"]
[SourceQuality "1"]

1. d4 d5 2. c4 c6 3. Nc3 Nf6 4. Nf3 e6 5. e3 Nbd7 6. Bd3 Be7 7. 0-0 0-0 8. Re1 a6 9. e4 dxe4 10. Nxe4 Nxe4 11. Rxe4 Nf6 12. Re1 c5 13. Be3 Ng4 14. Bf4 cxd4 15. Nxd4 Nxf2 16. Bxh7+ Kxh7 17. Qc2+ g6 18. Qxf2 Bc5 19. Rad1 b5 20. Re5 Qe7 21. Rd3 f6 22. Rh3+ Kg8 23. Rxc5 Qxc5 24. Be3 e5 25. Nf5 Qxc4 26. Ne7+ Kf7 27. Rh7+ Ke6 28. Nxg6 Re8 29. Qf3 Qd5 30. Qg4+ Kd6 31. Qb4+ Ke6 32. Qg4+ f5 33. Nf8+ Kd6 34. Qg6+ Re6 35. Nxe6 Bxe6 36. Qg7 Qd1+ 37. Kf2 Qc2+ 38. Kg1 Qb1+ 39. Kf2 Qxb2+ 40. Ke1 Qb1+ 41. Kf2 Qxa2+ 0-1

[Event "COL-ch sf"]
[Site "Medellin"]
[Date "2018.03.18"]
[Round "8"]
[White "Velasco, Luz Mariela"]
[Black "Castro, Natalia Patricia"]
[Result "0-1"]
[WhiteElo "1686"]
[BlackElo "2060"]
[PlyCount "34"]
[EventDate "2018.03.14"]
[EventType "swiss"]
[EventRounds "10"]
[EventCountry "COL"]
[SourceTitle "CBM 183 Extra"]
[Source "ChessBase"]
[SourceDate "2018.04.19"]
[SourceVersion "1"]
[SourceVersionDate "2018.04.19"]
[SourceQuality "1"]

1. d4 d5 2. Nf3 Nf6 3. g3 e6 4. Bg2 Bd6 5. 0-0 0-0 6. c4 c6 7. Nbd2 Nbd7 8. Qc2 Re8 9. cxd5 exd5 10. Qd3 Ne4 11. Nh4 Ndf6 12. Nxe4 dxe4 13. Qc2 h6 14. Qb3 g5 15. Ng6 Be6 16. Qxb7 fxg6 17. Qxc6 Bd5 0-1